Loading...
| Current Events/Geography | 1 | 30.00 | 100% | 100% | 100% |
| Fine Arts - Classical Music | 5 | 16.00 | 80% | 80% | 0% |
| Fine Arts - Other Fine Arts | 8 | 20.00 | 100% | 63% | 38% |
| Fine Arts - Visual Fine Arts | 6 | 23.33 | 100% | 83% | 50% |
| Geography/Current Events | 2 | 20.00 | 100% | 100% | 0% |
| History - American History | 7 | 18.57 | 100% | 71% | 14% |
| History - European History | 7 | 21.43 | 100% | 100% | 14% |
| History - Other History | 7 | 20.00 | 100% | 71% | 29% |
| History - World History | 8 | 21.25 | 88% | 88% | 38% |
| Literature - American Literature | 6 | 21.67 | 100% | 83% | 33% |
| Literature - British Literature | 8 | 22.50 | 100% | 88% | 38% |
| Literature - European Literature | 6 | 25.00 | 100% | 83% | 67% |
| Literature - World/Other Literature | 5 | 24.00 | 100% | 80% | 60% |
| Mythology | 9 | 20.00 | 78% | 89% | 33% |
| Other Academic | 3 | 23.33 | 100% | 100% | 33% |
| Philosophy | 9 | 14.44 | 89% | 44% | 11% |
| Pop Culture | 2 | 25.00 | 100% | 100% | 50% |
| Religion | 7 | 24.29 | 100% | 71% | 71% |
| Science - Biology | 6 | 15.00 | 83% | 50% | 17% |
| Science - Chemistry | 6 | 18.33 | 67% | 100% | 17% |
| Science - Other Science | 8 | 18.75 | 88% | 75% | 25% |
| Science - Physics | 7 | 20.00 | 100% | 86% | 14% |
| Social Science | 7 | 21.43 | 100% | 86% | 29% |
| World/Other Literature> | 1 | 20.00 | 100% | 0% | 100% |